Spájkovanie medi a bronzu

Saved in:
Bibliographic Details
Format: Book
Language:Slovak
Published: Bratislava : SlTK-Centrum VTI SR, 1989
Subjects:
Tags: Add Tag
No Tags, Be the first to tag this record!

MARC

LEADER 00000nam a22000003a 4500
001 stu45425
005 20150408180323.3
008 960617s1989----cs------------------slo-d
040 |a STU  |b slo 
041 0 |a slo 
044 |a cs 
080 |a 621.791.3-034.3(048.8) 
245 |a Spájkovanie medi a bronzu 
260 |a Bratislava :  |b SlTK-Centrum VTI SR,  |c 1989 
300 |a 164 záznamov 
650 7 |a spájkovanie  |2 stusub 
650 7 |a meď a bronz  |2 stusub 
650 7 |a meď  |2 stusub 
650 7 |a bronz  |2 stusub 
996 |b M R-45  |c M*R-45  |l MMKN  |s A  |a 24  |w stu45425_0001